Manual de tecnicas de investigacion para estudiantes de ciencias sociales/ (Registro nro. 9705)
[ vista simple ]
| 000 -LEADER | |
|---|---|
| fixed length control field | 01311nam a2200205Ia 4500 |
| 005 - FECHA Y HORA DE LA ÚLTIMA TRANSACCIÓN | |
| control field | 20231011160253.0 |
| 008 - FIXED-LENGTH DATA ELEMENTS--GENERAL INFORMATION | |
| fixed length control field | 231011s9999 xx 000 0 und d |
| 020 ## - INTERNATIONAL STANDARD BOOK NUMBER | |
| International Standard Book Number | 84-8377-290-6 |
| 040 ## - CATALOGING SOURCE | |
| Original cataloging agency | UPAN |
| Transcribing agency | Biblioteca San Vicente |
| Description conventions | RCAA2 |
| 041 ## - LANGUAGE CODE | |
| Language code of text/sound track or separate title | spa |
| 082 ## - DEWEY DECIMAL CLASSIFICATION NUMBER | |
| Classification number | 300.72 |
| Item number | G245m |
| año de publicación | 1990 |
| 100 ## - MAIN ENTRY--PERSONAL NAME | |
| Personal name | Garza Mercado, Ario |
| Relator code | aut. |
| 245 #0 - TITLE STATEMENT | |
| Title | Manual de tecnicas de investigacion para estudiantes de ciencias sociales/ |
| Remainder of title | Ario Garza Mercado |
| 250 ## - EDITION STATEMENT | |
| Edition statement | 1ª ed. |
| 260 ## - PUBLICATION, DISTRIBUTION, ETC. (IMPRINT) | |
| Place of publication, distribution, etc | México: |
| Name of publisher, distributor, etc | Piedra Santa, |
| Date of publication, distribution, etc | 1991 |
| 300 ## - PHYSICAL DESCRIPTION | |
| Extent | 351 p.; |
| Dimensions | 21 cm. |
| 505 ## - FORMATTED CONTENTS NOTE | |
| Formatted contents note | El manual analiza las fases principales del proceso de la investigación: la selección del tema, la formulación de la hipótesis, la planeación del trabajo, el acopio y la interpretación de la información, y la redacción del informe. Al mismo tiempo, el manual se ocupa de algunos instrumentos esenciales para la investigación, como los sistemas de información, la biblioteca, las obras de consulta, los textos de trabajo, el cuestionario y la entrevista. El manual presta especial atención a los requerimientos de la investigación bibliográfica, en el contexto de la investigación documental, pero también se ocupa de la encuesta en el contexto del trabajo de campo. |
| 650 ## - SUBJECT ADDED ENTRY--TOPICAL TERM | |
| Source of heading or term | LEMB |
| Form subdivision | Investigación |
| General subdivision | Ciencias sociales |
| 9 (RLIN) | 3 |
| 942 ## - ADDED ENTRY ELEMENTS (KOHA) | |
| Koha item type | Libros |
| Source of classification or shelving scheme | Dewey Decimal Classification |
| Withdrawn status | Lost status | Source of classification or shelving scheme | Damaged status | Not for loan | Collection code | Home library | Current library | Date acquired | Total Checkouts | Full call number | Barcode | Date last seen | Copy number | Price effective from | Koha item type |
|---|---|---|---|---|---|---|---|---|---|---|---|---|---|---|---|
| Dewey Decimal Classification | Referencia | Biblioteca UPAN San Vicente | Biblioteca UPAN San Vicente | 11/10/2023 | 300.72 G245m | 12001977 | 11/10/2023 | 01 | 11/10/2023 | Libros |